Statistiche per Paesi più vicini al Burkina Faso

Clicka qui per fare il quiz!

Statistiche generali

  • Questo quiz è stato fatto 39 volte
  • Il punteggio medio è 17 su 20

Statistiche sulle risposte

kmnazione% Corretto
1237Ciad
97%
0Ghana
97%
973Camerun
94%
277Mauritania
94%
0Niger
94%
658Senegal
94%
0Togo
94%
613Algeria
91%
0Mali
91%
129Nigeria
91%
0Côte d'Ivoire
88%
940Gambia
88%
267Guinea
88%
450Liberia
88%
566Sierra Leone
88%
0Benin
84%
900Guinea-Bissau
78%
1124Guinea Equatoriale
72%
1235São Tomé
e Príncipe
66%
1296Sahara occidentale
(Marocco)
28%

Distribuzione punteggi

Percentile per numero di risposta

Percentuale di utenti per punteggio

I tuoi punteggi nel tempo

Non hai fatto questo quiz